Statistics for South Park Franchise

Click here to take the quiz!

General Stats

  • This quiz has been taken 56 times
  • The average score is 6 of 15

Answer Stats

TypeYearNameInfo% Correct
TV Show1997-PresentSouth ParkComedy Central
91%
Video Game1998South ParkAcclaim Entertainment
91%
Video Game2014South Park: The Stick of TruthUbisoft
91%
Film1999South Park: Bigger, Longer & UncutParamount / Warner Bros.
80%
Video Game2017South Park: The Fractured but WholeUbisoft
77%
Short Film1995Jesus vs. SantaAvenging Conscience Films
45%
Video Game2017South Park: Phone DestroyerUbisoft
41%
Short Film1992Jesus vs. FrostyAvenging Conscience Films
36%
Album1999South Park: Mr. Hankey's Christmas ClassicsVarious Artists
27%
Album1998Chef Aid: The South Park AlbumVarious Artists
14%
Video Game1999South Park: Chef's Luv ShackAcclaim Entertainment
11%
Video Game1999South Park RallyAcclaim Entertainment
11%
Video Game2012South Park: Tenorman's RevengeMicrosoft Studios
11%
Video Game2014South Park PinballZen Studios / South Park Digital Studios
7%
Video Game2009South Park Let's Go Tower Defense Play!Microsoft Studios
5%

Score Distribution

Percentile by Number Answered

Percent of People with Each Score

Your Score History

You have not taken this quiz